Painters of the Fine Arts College of Indochina (ระเบียนเลขที่ 22634)
| 000 -LEADER | |
|---|---|
| fixed length control field | 00473nam a22001697a 4500 |
| 005 - DATE AND TIME OF LATEST TRANSACTION | |
| control field | 20210325185319.0 |
| 008 - FIXED-LENGTH DATA ELEMENTS--GENERAL INFORMATION | |
| fixed length control field | s1993 th ||||| |||| 00| 0 tha d |
| 050 ## - LIBRARY OF CONGRESS CALL NUMBER | |
| Classification number | R AZ598.V5 P34 1993 |
| 245 10 - TITLE STATEMENT | |
| Title | Painters of the Fine Arts College of Indochina |
| 260 3# - PUBLICATION, DISTRIBUTION, ETC. | |
| Place of publication, distribution, etc. | Hanoi : |
| Name of publisher, distributor, etc. | Fine Arts, |
| Date of publication, distribution, etc. | 1993 |
| 300 ## - PHYSICAL DESCRIPTION | |
| Extent | 1 v. : |
| Other physical details | ills. ; |
| Dimensions | 36x27 cm. |
| 650 04 - SUBJECT ADDED ENTRY--TOPICAL TERM | |
| Topical term or geographic name entry element | Painting -- Vietnamese |
| 850 ## - HOLDING INSTITUTION | |
| Holding institution | NALT |
| 942 ## - ADDED ENTRY ELEMENTS (KOHA) | |
| Koha item type | Reference Book |
| 997 ## - | |
| -- | 000000000022634 |
| 998 ## - LOCAL CONTROL INFORMATION (RLIN) | |
| -- | BENJALUCK |
| Withdrawn status | Lost status | Damaged status | Not for loan | Collection code | Home library | Current library | Total Checkouts | Full call number | Barcode | Date last seen | Price effective from | Koha item type |
|---|---|---|---|---|---|---|---|---|---|---|---|---|
| Reference Book collection | National Assembly Library of Thailand | National Assembly Library of Thailand | R AZ598.V5 P34 1993 | 3961105268 | 09/06/2017 | 09/06/2017 | Reference Book |
